01359nab a2200385 a 450000100060000000300080000600500170001400600190003100700150005000800410006502200280010603500210013404000260015505000260018108000150020710000300022222200270025224501160027926000590039530000130045436200340046753301640050165000160066565000310068165000180071265000160073065000270074665000150077365300280078865500320081671000190084874000280086785600610089599900170095682380FlNmELB20241217151927.0m o d | cr cn|||||||||200702r20022006mx |||||s|||||||||||spa d a0185-3937z0185393-7125 a(OCoLC)955360814 aFlNmELBbspacFlNmELB 4aHF5657.4bG569 2002eb a330:657.051 aGómez Chiñas, Carlos. 0aAnálisis Económico13aLa economía institucionalista y la contabilidad de gestiónh[recurso electronico]cCarlos Gómez Chiñas. aDistrito Federal :bRed Análisis Económico,c2002. a79-92 p.0 aVol. XVII, Núm. 035 (2002)- aRecurso electrónico. Santa Fe, Arg.: e-libro, 2015. Disponible vía World Wide Web. El acceso puede estar limitado para las bibliotecas afiliadas a e-libro. 4aEconomía. 4aInstituciones financieras. 4aContabilidad. 0aAccounting. 0aManagerial accounting. 0aEconomics. aContabilidad de gestion 4aArtículos electrónicos.2 ae-libro, Corp.02aAnálisis Económico.40uhttps://elibro.net/ereader/politecnicointernacional/7432 c82380d82380